000 00661nam a2200217 i 4500
001 bg
100 1 _aKIEJNA, A.
245 0 _aEnergia potencjalna ładunku w pobliżu powierzchni metalu /
_cA. Kiejna, K. F. Wojciechowski.
260 _aWarszawa,
_c1975
_aPWN.
490 1 _aActa Universitatis Wratislaviensis ;
_v241
650 9 _aMetale
_xfizyka
650 9 _aPowierzchnia
_xfizyka
_xbadanie
650 9 _aEnergia potencjalna
_xteoria
700 1 _aWOJCIECHOWSKI, K. F.
830 _aActa Universitatis Wratislaviensis ;
040 _cBPK
041 _apol
080 _a531.6:669.017/.018
942 _cKS
008 s pl f |000 0 pol
999 _c15828
_d15828
856 _uhttp://koha.tu.koszalin.pl/cgi-bin/koha/opac-detail.pl?biblionumber=15828
_yKatalog online BPK